Normal view
MARC view
- Work
Entry Topical Term
001 - CONTROL NUMBER
- control field: 4348
003 - CONTROL NUMBER IDENTIFIER
- control field: NUST
005 - DATE AND TIME OF LATEST TRANSACTION
- control field: 20170829101655.0
008 - FIXED-LENGTH DATA ELEMENTS
- fixed length control field: 170829|| aca||aabn | a|a d
040 ## - CATALOGING SOURCE
- Original cataloging agency: NUST
- Transcribing agency: NUST
150 ## - HEADING--TOPICAL TERM
- Topical term or geographic name entry element: Work
- General subdivision: Psychological aspects.
670 ## - SOURCE DATA FOUND
- Source citation: Work cat.: (NUST)0: Sulsky, Lorne. 4344, Work stress /, 2005.
